Liquidity Pools - jeden z válců DeFi motoru. Jak fungují?
Vysvetlenie pojmu Liquidity Pools. Princíp fungovania Liquidity Pools. Riziká investovania do Liquidity Pools. Decentralizované burzy.
Saved in:
| Main Author: | |
|---|---|
| Format: | Book Chapter |
| Language: | Czech |
| Subjects: | |
| Tags: |
No Tags, Be the first to tag this record!
|
MARC
| LEADER | 00000naa a2200000 4500 | ||
|---|---|---|---|
| 001 | 0288577 | ||
| 005 | 20240417075219.0 | ||
| 041 | 0 | |a cze | |
| 044 | |a CZ | ||
| 245 | 1 | 0 | |a Liquidity Pools - jeden z válců DeFi motoru. Jak fungují? |c Ondřej Mikulčík |
| 520 | |a Vysvetlenie pojmu Liquidity Pools. Princíp fungovania Liquidity Pools. Riziká investovania do Liquidity Pools. Decentralizované burzy. | ||
| 610 | 2 | 0 | |a financie |
| 610 | 2 | 0 | |a burzy |
| 610 | 2 | 0 | |a mena virtuálna |
| 610 | 2 | 0 | |a likvidita |
| 610 | 2 | 0 | |a investovanie |
| 610 | 2 | 0 | |a riziko |
| 610 | 2 | 0 | |a technológie informačné |
| 100 | 1 | |a Mikulčík, Ondřej | |